LEADER 00943nam2-2200337---450- 001 990009769660403321 005 20131007101436.0 035 $a000976966 035 $aFED01000976966 035 $a(Aleph)000976966FED01 035 $a000976966 100 $a20131007d1963----km-y0itay50------ba 101 0 $aeng 102 $aGB 105 $ay-------001yy 200 1 $a<<2.: >>Chain silicates$fW.A. Deer, R.A. Howie and J. Zussman 205 $a2nd. imp. 210 $aLondon$cLongmans$d1963 215 $aIX, 379 p.$d26 cm 461 0$1001000976929$12001$aRock-forming minerals$v2 610 0 $aMineralogia 700 1$aDeer,$bWilliam Alexander$019578 701 1$aHowie,$bRobert Andrew$062816 701 1$aZussman,$bJack$062817 801 0$aIT$bUNINA$gRICA$2UNIMARC 901 $aBK 912 $a990009769660403321 952 $aM 2/21$b5395.2$fDINGE 959 $aDINGE 996 $aChain silicates$9832177 997 $aUNINA LEADER 00988nam0 22002651i 450 001 VAN0027095 005 20041103120000.0 010 $a88-220-5304-4 100 $a20041103d1999 |0itac50 ba 101 $aita 102 $aIT 105 $a|||| ||||| 200 1 $aGeografia della morale$edemocrazia, tradizioni e universalismo$fMichael Walzer 210 $aBari$cDedalo$dc1999 215 $a114 p.$d21 cm. 410 1$1001VAN0014592$12001 $aStrumenti/scenari$1210 $aBari$cDedalo.$v4 620 $dBari$3VANL000009 700 1$aWalzer$bMichael$3VANV010762$0128376 712 $aDedalo $3VANV108286$4650 801 $aIT$bSOL$c20240719$gRICA 899 $aBIBLIOTECA DEL DIPARTIMENTO DI GIURISPRUDENZA$1IT-CE0105$2VAN00 912 $aVAN0027095 950 $aBIBLIOTECA DEL DIPARTIMENTO DI GIURISPRUDENZA$d00CONS XXI.Ec.88 $e00 18037 20041103 996 $aGeografia della morale$91099034 997 $aUNICAMPANIA